[Event "Titled Tuesday intern op 25th May"]
[Site "Chess.com INT"]
[Date "2021.05.25"]
[Round "4"]
[White "Jamshidi, Amir Hossein"]
[Black "Terletsky, Oleg"]
[Result "1-0"]
[WhiteElo "2264"]
[BlackElo "2203"]
[PlyCount "111"]
[EventDate "2021.05.25"]
[EventType "swiss (blitz)"]
[EventRounds "11"]
[EventCountry "USA"]
[SourceTitle "CBM 203 Extra"]
[Source "ChessBase"]
[SourceDate "2021.09.30"]
[SourceVersion "1"]
[SourceVersionDate "2021.09.30"]
[SourceQuality "1"]

1. d4 Nf6 2. Bg5 g6 3. Bxf6 exf6 4. e3 f5 5. g3 Bg7 6. Bg2 0-0 7. Ne2 c6 8. 0-0 d6 9. Nd2 Nd7 10. c4 h5 11. h4 Nf6 12. Nf4 Re8 13. b4 a6 14. a4 Ng4 15. Qb3 g5 16. hxg5 Qxg5 17. Nf3 Qh6 18. b5 axb5 19. axb5 Rxa1 20. Rxa1 c5 21. Rd1 cxd4 22. exd4 Bf6 23. Nd5 Bd8 24. Qd3 h4 25. gxh4 Bxh4 26. Nxh4 Qxh4 27. Qg3 Qxg3 28. fxg3 Re2 29. Bf3 Re6 30. Bxg4 fxg4 31. Kf2 Kg7 32. Nf4 Re4 33. Ng2 Be6 34. Ne3 f5 35. d5 Bd7 36. Rc1 f4 37. gxf4 Rxf4+ 38. Ke2 g3 39. Rg1 Rf2+ 40. Kd3 Rf3 41. Ke4 Rf2 42. Rxg3+ Kf6 43. Rg1 Bf5+ 44. Nxf5 Rxf5 45. Rh1 Rg5 46. Rh7 Rg4+ 47. Kd3 b6 48. Rb7 Ke5 49. Rxb6 Rg3+ 50. Kc2 Kd4 51. Rc6 Rf3 52. b6 Rf7 53. Kb3 Rf3+ 54. Kb4 Rf1 55. Kb5 Rb1+ 56. Ka6 1-0

[Event "Titled Tuesday intern op 25th May"]
[Site "Chess.com INT"]
[Date "2021.05.25"]
[Round "3"]
[White "Piliczewski, Bogusz"]
[Black "Jamshidi, Amir Hossein"]
[Result "0-1"]
[WhiteElo "1935"]
[BlackElo "2264"]
[PlyCount "120"]
[EventDate "2021.05.25"]
[EventType "swiss (blitz)"]
[EventRounds "11"]
[EventCountry "USA"]
[SourceTitle "CBM 203 Extra"]
[Source "ChessBase"]
[SourceDate "2021.09.30"]
[SourceVersion "1"]
[SourceVersionDate "2021.09.30"]
[SourceQuality "1"]

1. d4 Nf6 2. Nf3 g6 3. Bf4 Bg7 4. e3 d6 5. h3 b6 6. Be2 Bb7 7. 0-0 0-0 8. c3 Nbd7 9. Nbd2 a6 10. a4 e6 11. Bh2 Qe7 12. Qc2 Rfd8 13. Rfd1 h6 14. Rac1 Nf8 15. b4 g5 16. c4 c5 17. Qb3 Bc6 18. Rb1 Ne4 19. Nxe4 Bxe4 20. dxc5 dxc5 21. bxc5 Bxb1 22. Rxb1 bxc5 23. Ne5 Rdc8 24. Bf3 Ra7 25. Nc6 Qd7 26. Nxa7 Qxa7 27. Qb6 Qxb6 28. Rxb6 a5 29. Rb5 Bc3 30. Bd6 Bb4 31. Bb7 Rd8 32. Bxc5 Rd1+ 33. Kh2 Bxc5 34. Rxc5 Rc1 35. Ba6 Nd7 36. Rxa5 Rc2 37. Kg3 Nb6 38. Bb5 Nxc4 39. Ra8+ Kg7 40. Rc8 Ra2 41. Rxc4 f5 42. Kf3 Kf6 43. g3 h5 44. Bd7 Ke7 45. Bb5 Kd6 46. Rc6+ Ke7 47. Ra6 Rc2 48. Ra7+ Kf6 49. a5 g4+ 50. hxg4 hxg4+ 51. Kg2 Rb2 52. Bd3 Rb3 53. Bf1 Ra3 54. a6 e5 55. Ra8 Ra2 56. a7 Kg7 57. Bc4 Ra5 58. Bd3 e4 59. Bc4 Kh7 60. Be6 Ra6 0-1

[Event "IRI-ch Online"]
[Site "Chess.com INT"]
[Date "2021.03.17"]
[Round "5"]
[White "Jamshidi, Amir Hossein"]
[Black "Barzgari, Mohammad"]
[Result "1/2-1/2"]
[WhiteElo "2264"]
[BlackElo "1857"]
[PlyCount "81"]
[EventDate "2021.03.15"]
[EventType "swiss (rapid)"]
[EventRounds "11"]
[EventCountry "IRI"]
[SourceTitle "CBM 201 Extra"]
[Source "ChessBase"]
[SourceDate "2021.05.31"]
[SourceVersion "1"]
[SourceVersionDate "2021.05.31"]
[SourceQuality "1"]

1. d4 g6 2. e4 Bg7 3. Be3 d6 4. Nc3 Nf6 5. f3 0-0 6. Qd2 c5 7. dxc5 dxc5 8. Qxd8 Rxd8 9. Bxc5 Nc6 10. Bb5 Nd7 11. Ba3 Nde5 12. Rd1 Be6 13. Nge2 Nc4 14. Bxc4 Bxc4 15. b3 Ba6 16. Kf2 Nd4 17. Bxe7 Rd7 18. Bc5 Nxe2 19. Rxd7 Nxc3 20. Bd4 Nxa2 21. Bxg7 Kxg7 22. c4 Nb4 23. Rhd1 Nc6 24. f4 Na5 25. R7d3 Re8 26. e5 Re6 27. Rc1 Rb6 28. Rcc3 Rc6 29. Re3 Kf8 30. g4 Ke7 31. f5 gxf5 32. gxf5 Rh6 33. Kg3 Rh5 34. Rf3 Nc6 35. Rce3 Nd4 36. Kg4 Rxh2 37. Rf4 Nc6 38. e6 fxe6 39. Rxe6+ Kf7 40. Rfe4 Rb2 41. Re3 1/2-1/2

[Event "IRI-ch Online"]
[Site "Chess.com INT"]
[Date "2021.03.16"]
[Round "4"]
[White "Jafari, Parsa"]
[Black "Jamshidi, Amir Hossein"]
[Result "0-1"]
[WhiteElo "1666"]
[BlackElo "2264"]
[PlyCount "60"]
[EventDate "2021.03.15"]
[EventType "swiss (rapid)"]
[EventRounds "11"]
[EventCountry "IRI"]
[SourceTitle "CBM 201 Extra"]
[Source "ChessBase"]
[SourceDate "2021.05.31"]
[SourceVersion "1"]
[SourceVersionDate "2021.05.31"]
[SourceQuality "1"]

1. d4 Nf6 2. Bf4 e6 3. e3 b6 4. Bd3 Bb7 5. Nf3 Nh5 6. Bg3 Be7 7. Nbd2 d6 8. Qe2 a6 9. c3 Nd7 10. 0-0 0-0 11. a4 c5 12. Rfe1 Qc7 13. Nc4 Nxg3 14. hxg3 b5 15. axb5 axb5 16. Na3 b4 17. Nc4 Bxf3 18. Qxf3 d5 19. Nd2 Rxa1 20. Rxa1 c4 21. Be2 f5 22. g4 g6 23. gxf5 gxf5 24. Ra6 Rf6 25. Qh5 Rg6 26. Ra8+ Kg7 27. Nf3 Qb7 28. Re8 Nf6 29. Rxe7+ Qxe7 30. Ne5 Nxh5 0-1

[Event "IRI-ch Online"]
[Site "Chess.com INT"]
[Date "2021.03.16"]
[Round "3"]
[White "Jamshidi, Amir Hossein"]
[Black "Movahed, Sina"]
[Result "0-1"]
[WhiteElo "2264"]
[BlackElo "1804"]
[PlyCount "116"]
[EventDate "2021.03.15"]
[EventType "swiss (rapid)"]
[EventRounds "11"]
[EventCountry "IRI"]
[SourceTitle "CBM 201 Extra"]
[Source "ChessBase"]
[SourceDate "2021.05.31"]
[SourceVersion "1"]
[SourceVersionDate "2021.05.31"]
[SourceQuality "1"]

1. d4 Nf6 2. Bg5 g6 3. Bxf6 exf6 4. e3 Bg7 5. g3 0-0 6. Bg2 c5 7. dxc5 Na6 8. Ne2 Nxc5 9. 0-0 f5 10. Nbc3 d6 11. Nd4 Qb6 12. Rb1 Be6 13. Qd2 h5 14. Rfd1 Rad8 15. Nd5 Bxd5 16. Bxd5 Ne4 17. Bxe4 fxe4 18. c3 d5 19. h4 Bf6 20. Kg2 Be5 21. Qc2 Qf6 22. Qe2 Kg7 23. Rd2 Rd7 24. Rbd1 Rfd8 25. Nc2 a6 26. Nd4 Rh8 27. Nb3 g5 28. Nc5 Rdd8 29. Rxd5 Rxd5 30. Rxd5 gxh4 31. Nd7 h3+ 32. Kh2 Qe6 33. Rxe5 Qxd7 34. Rxe4 Qd5 35. Qf3 Qxa2 36. Re5 Rh6 37. Rg5+ Rg6 38. Rxg6+ fxg6 39. Qxb7+ Kh6 40. Kxh3 a5 41. Kg2 a4 42. Kh3 a3 43. Qa8 Qe6+ 44. Kg2 axb2 45. Qb7 Qa2 46. Qb8 Kg7 47. Qc7+ Kf8 48. Qd8+ Kg7 49. Qc7+ Qf7 50. Qe5+ Kh7 51. Qb5 Qa2 52. Qb7+ Kh6 53. Qb8 b1Q 54. Qh8+ Kg5 55. Qe5+ Qf5 56. Qe7+ Kh6 57. Kh1 Qf3+ 58. Kh2 Qaxf2+ 0-1

[Event "Titled Tuesday intern op 19th May"]
[Site "Chess.com INT"]
[Date "2020.05.19"]
[Round "6"]
[White "Jamshidi, Amir Hossein"]
[Black "Jenni, Florian"]
[Result "0-1"]
[WhiteElo "2264"]
[BlackElo "2456"]
[PlyCount "114"]
[EventDate "2020.05.19"]
[EventType "swiss (blitz)"]
[EventRounds "10"]
[EventCountry "USA"]
[SourceTitle "EXT 2021"]
[Source "ChessBase"]
[SourceDate "2020.10.23"]
[SourceVersion "1"]
[SourceVersionDate "2020.10.23"]
[SourceQuality "1"]

1. d4 Nf6 2. Bf4 e6 3. e3 Bd6 4. Bg3 Bxg3 5. hxg3 c5 6. c3 b6 7. Be2 Bb7 8. Bf3 Bxf3 9. Nxf3 d5 10. Nbd2 Nc6 11. Qe2 cxd4 12. exd4 Qc7 13. a4 h6 14. Nf1 Ne4 15. N3d2 Nxd2 16. Nxd2 a6 17. g4 Na5 18. g5 Qf4 19. Nf3 Nc4 20. g3 Qe4 21. gxh6 Nxb2 22. Qxe4 dxe4 23. Nd2 Rxh6 24. Rxh6 gxh6 25. Nxe4 Nc4 26. Rb1 Rb8 27. Nd2 Nxd2 28. Kxd2 Ke7 29. Kd3 b5 30. axb5 Rxb5 31. Rxb5 axb5 32. Kc2 Kd6 33. Kb3 Kc6 34. Kb4 Kb6 35. f3 h5 36. Kb3 Kc6 37. Ka3 Kc7 38. Kb4 Kb6 39. Kb3 f5 40. Kb4 f4 41. gxf4 h4 42. d5 exd5 43. f5 Kc6 44. f6 Kd6 45. Kxb5 h3 46. f7 Ke7 47. Kc6 Kxf7 48. Kxd5 h2 49. Ke4 h1Q 50. c4 Qf1 51. Kd5 Qxf3+ 52. Kd6 Qd3+ 53. Kc5 Ke7 54. Kb5 Kd8 55. Kc5 Kc7 56. Kb4 Kc6 57. Ka5 Qa3# 0-1

[Event "Titled Tuesday intern op 19th May"]
[Site "Chess.com INT"]
[Date "2020.05.19"]
[Round "4"]
[White "Jamshidi, Amir Hossein"]
[Black "Jerez Perez, Alfonso"]
[Result "1-0"]
[WhiteElo "2264"]
[BlackElo "2367"]
[PlyCount "53"]
[EventDate "2020.05.19"]
[EventType "swiss (blitz)"]
[EventRounds "10"]
[EventCountry "USA"]
[SourceTitle "EXT 2021"]
[Source "ChessBase"]
[SourceDate "2020.10.23"]
[SourceVersion "1"]
[SourceVersionDate "2020.10.23"]
[SourceQuality "1"]

1. d4 Nf6 2. Bf4 g6 3. Nc3 d5 4. Qd2 Bg7 5. 0-0-0 0-0 6. Bh6 Bf5 7. f3 c5 8. Bxg7 Kxg7 9. g4 Be6 10. e3 cxd4 11. exd4 Nc6 12. h4 h5 13. gxh5 Nxh5 14. Nge2 Qb6 15. Nf4 Rh8 16. Nxe6+ fxe6 17. Bh3 Na5 18. Qe1 Raf8 19. Bxe6 Rxf3 20. Bxd5 Rf4 21. Qxe7+ Kh6 22. Rhg1 Qf6 23. Qc7 Nc6 24. Be4 Rg8 25. Nd5 Qxh4 26. Rh1 Qg5 27. Qxf4 1-0

[Event "Titled Tuesday intern op 19th May"]
[Site "Chess.com INT"]
[Date "2020.05.19"]
[Round "2"]
[White "Jamshidi, Amir Hossein"]
[Black "Piliposyan, Robert"]
[Result "1-0"]
[WhiteElo "2264"]
[BlackElo "2199"]
[PlyCount "83"]
[EventDate "2020.05.19"]
[EventType "swiss (blitz)"]
[EventRounds "10"]
[EventCountry "USA"]
[SourceTitle "EXT 2021"]
[Source "ChessBase"]
[SourceDate "2020.10.23"]
[SourceVersion "1"]
[SourceVersionDate "2020.10.23"]
[SourceQuality "1"]

1. c4 e5 2. Nc3 Nf6 3. Nf3 Nc6 4. d4 e4 5. Ng5 Bb4 6. e3 h6 7. Nh3 d5 8. Nf4 dxc4 9. Bxc4 0-0 10. 0-0 Bd6 11. g3 Bxf4 12. gxf4 Bh3 13. Be2 Qd7 14. Re1 Ne7 15. f3 exf3 16. Bxf3 Nf5 17. Bd2 Rfe8 18. Qa4 c6 19. Qd1 Nh4 20. Qe2 Qf5 21. e4 Qg6+ 22. Kh1 Nxf3 23. Qxf3 Bg4 24. Qg2 Rad8 25. h3 Qh5 26. Kh2 Rxd4 27. Be3 Rd3 28. e5 Nd5 29. Nxd5 cxd5 30. Qxg4 Qxg4 31. hxg4 d4 32. Bg1 Rd2+ 33. Kg3 d3 34. Rad1 Rxb2 35. Bxa7 Rxa2 36. Be3 Rd8 37. Rd2 Ra4 38. Rb1 Rd7 39. Kf3 g6 40. Rb6 Kg7 41. f5 h5 42. f6+ 1-0

[Event "Titled Tuesday intern op 28th Apr"]
[Site "Chess.com INT"]
[Date "2020.04.28"]
[Round "7"]
[White "Dubov, Daniil"]
[Black "Jamshidi, Amir Hossein"]
[Result "1-0"]
[WhiteElo "2699"]
[BlackElo "2264"]
[PlyCount "117"]
[EventDate "2020.04.28"]
[EventType "swiss (blitz)"]
[EventRounds "10"]
[EventCountry "USA"]
[SourceTitle "CBM 195 Extra"]
[Source "ChessBase"]
[SourceDate "2020.05.31"]
[SourceVersion "1"]
[SourceVersionDate "2020.05.31"]
[SourceQuality "1"]

1. d4 Nf6 2. c4 e6 3. Nf3 Bb4+ 4. Nbd2 b6 5. a3 Bxd2+ 6. Qxd2 Bb7 7. e3 0-0 8. Be2 d6 9. b4 Nbd7 10. Bb2 Qe7 11. Qc2 c5 12. 0-0 Rfd8 13. Rfd1 Rac8 14. Rac1 Nf8 15. bxc5 dxc5 16. Ne5 Ng6 17. dxc5 Qxc5 18. Nxg6 hxg6 19. a4 Qg5 20. Bf1 Ng4 21. h3 Nf6 22. Rxd8+ Rxd8 23. Rd1 Ne4 24. Rd4 Nc5 25. a5 Qe7 26. Qd2 Rc8 27. axb6 axb6 28. Qb4 Qc7 29. f3 e5 30. Rd1 f6 31. Bc3 Bc6 32. Be1 Rd8 33. Rb1 Rb8 34. Bf2 e4 35. f4 Bd7 36. Rd1 Be6 37. Rd4 Ra8 38. Kh2 Rb8 39. Bg3 f5 40. Bh4 Kh7 41. Bg5 Nd3 42. Qb5 Nc5 43. Qb1 Ra8 44. Qe1 Kg8 45. Qd1 Rc8 46. Rd6 Qf7 47. Qd4 Qc7 48. Bd8 Rxd8 49. Rxd8+ Kh7 50. Qd6 Qf7 51. Qxb6 Nd3 52. Qb8 g5 53. fxg5 Bxc4 54. Rd6 Be6 55. Bxd3 exd3 56. Rxd3 Bd5 57. Qf4 Be4 58. Qh4+ Kg6 59. Rd6+ 1-0

[Event "Titled Tuesday intern op 28th Apr"]
[Site "Chess.com INT"]
[Date "2020.04.28"]
[Round "9"]
[White "Gubajdullin, Alexey"]
[Black "Jamshidi, Amir Hossein"]
[Result "0-1"]
[WhiteElo "2344"]
[BlackElo "2264"]
[PlyCount "90"]
[EventDate "2020.04.28"]
[EventType "swiss (blitz)"]
[EventRounds "10"]
[EventCountry "USA"]
[SourceTitle "EXT 2021"]
[Source "ChessBase"]
[SourceDate "2020.10.23"]
[SourceVersion "1"]
[SourceVersionDate "2020.10.23"]
[SourceQuality "1"]

1. d4 Nf6 2. Bf4 e6 3. e3 b6 4. Nf3 Nh5 5. Bg5 Be7 6. Bxe7 Qxe7 7. Bd3 Bb7 8. 0-0 d6 9. Nbd2 Nd7 10. c4 0-0 11. Be4 Bxe4 12. Nxe4 f5 13. Nc3 a6 14. b4 Nhf6 15. c5 bxc5 16. dxc5 dxc5 17. b5 a5 18. Na4 Rab8 19. Rb1 Nd5 20. Qc2 Nb4 21. Qc4 Rfe8 22. a3 Nd5 23. Qc2 Rb7 24. Rfc1 Reb8 25. Qe2 h6 26. Nd2 N5b6 27. Nc3 a4 28. Nc4 Nxc4 29. Qxc4 Nb6 30. Qf4 Rd8 31. Rd1 Rbb8 32. Rdc1 c4 33. Qf3 Qxa3 34. Qc6 Qd6 35. Qf3 Ra8 36. Ra1 a3 37. h4 Nd5 38. Ne2 Qb4 39. e4 fxe4 40. Qxe4 Qxb5 41. Qxe6+ Kh8 42. Nd4 Qb6 43. Qg4 Nf6 44. Qg6 Qxd4 45. Ra2 Qd3 0-1

[Event "Titled Tuesday intern op 28th Apr"]
[Site "Chess.com INT"]
[Date "2020.04.28"]
[Round "1"]
[White "Toolin, Christopher"]
[Black "Jamshidi, Amir Hossein"]
[Result "0-1"]
[WhiteElo "2146"]
[BlackElo "2264"]
[PlyCount "86"]
[EventDate "2020.04.28"]
[EventType "swiss (blitz)"]
[EventRounds "10"]
[EventCountry "USA"]
[SourceTitle "EXT 2021"]
[Source "ChessBase"]
[SourceDate "2020.10.23"]
[SourceVersion "1"]
[SourceVersionDate "2020.10.23"]
[SourceQuality "1"]

1. d4 Nf6 2. c4 e6 3. Nf3 Bb4+ 4. Nbd2 b6 5. a3 Bxd2+ 6. Qxd2 Bb7 7. e3 0-0 8. Be2 d6 9. 0-0 Nbd7 10. b3 Qe7 11. Bb2 c5 12. Rad1 Rfd8 13. Ne1 Rac8 14. f3 d5 15. Nc2 dxc4 16. Bxc4 Ne5 17. Be2 Nc6 18. Bc4 Na5 19. Qe2 Nxc4 20. bxc4 Ba6 21. Rfe1 cxd4 22. Nxd4 Bxc4 23. Qf2 Ba6 24. Qg3 Kh8 25. Rd2 Qf8 26. Red1 Bc4 27. h4 a5 28. h5 Nxh5 29. Qh4 Nf6 30. Kh1 b5 31. e4 b4 32. axb4 axb4 33. Ra1 e5 34. Nf5 Rxd2 35. Bxe5 Ne8 36. Ra7 Be6 37. Nxg7 Nxg7 38. Qh6 Kg8 39. Qg5 Rd1+ 40. Kh2 b3 41. Rb7 Rdc1 42. Bf6 R1c7 43. Rb6 Rc5 0-1

[Event "Khomeyn Aftab Cup op 3rd"]
[Site "Khomeyn"]
[Date "2019.08.24"]
[Round "3"]
[White "Jamshidi, Amir Hossein"]
[Black "Jahedi, Mani"]
[Result "1/2-1/2"]
[WhiteElo "2281"]
[BlackElo "2191"]
[PlyCount "79"]
[EventDate "2019.08.23"]
[EventType "swiss"]
[EventRounds "9"]
[EventCountry "IRI"]
[SourceTitle "EXT 2020"]
[Source "ChessBase"]
[SourceDate "2019.10.17"]
[SourceVersion "1"]
[SourceVersionDate "2019.10.17"]
[SourceQuality "1"]

1. d4 d5 2. Nf3 c5 3. dxc5 e6 4. e4 Bxc5 5. exd5 exd5 6. Bb5+ Nc6 7. 0-0 Nge7 8. Nbd2 0-0 9. Nb3 Bb6 10. c3 Qd6 11. Nbd4 Nf5 12. Nxf5 Bxf5 13. Bd3 Bxd3 14. Qxd3 Rad8 15. Be3 Bxe3 16. fxe3 f6 17. Rad1 Rfe8 18. Rfe1 Nd4 19. Ne5 Rxe5 20. Qb5 Qe7 21. Rd3 h5 22. h3 Kh7 23. Qb3 Rd6 24. Kh1 f5 25. Qc2 g6 26. Qf2 Rde6 27. Qf3 Qc5 28. Kh2 Re4 29. Red1 R6e5 30. Rxd4 Qc7 31. Rxe4 Rxe4+ 32. Kh1 Qe5 33. Kg1 h4 34. Rd3 Kh6 35. Kf2 f4 36. Ke2 Qg5 37. Kd1 fxe3 38. Qf8+ Kh7 39. Qf7+ Kh6 40. Qf8+ 1/2-1/2

[Event "Titled Tuesday intern op 3rd July"]
[Site "Chess.com INT"]
[Date "2018.07.03"]
[Round "5"]
[White "Jamshidi, Amir Hossein"]
[Black "Eljanov, Pavel"]
[Result "0-1"]
[WhiteElo "2287"]
[BlackElo "2702"]
[PlyCount "110"]
[EventDate "2018.07.03"]
[EventType "swiss (blitz)"]
[EventRounds "10"]
[EventCountry "USA"]
[SourceTitle "EXT 2021"]
[Source "ChessBase"]
[SourceDate "2020.10.23"]
[SourceVersion "1"]
[SourceVersionDate "2020.10.23"]
[SourceQuality "1"]

1. e4 c6 2. d4 d5 3. exd5 cxd5 4. Bd3 Nc6 5. c3 Nf6 6. Ne2 Bg4 7. 0-0 e6 8. Bf4 Bd6 9. Bxd6 Qxd6 10. Na3 0-0 11. Nc2 Bh5 12. Ne3 Rab8 13. a4 a6 14. Re1 Qc7 15. Qb1 Bg6 16. Bxg6 hxg6 17. Ng3 b5 18. axb5 axb5 19. b4 Ne7 20. Qd3 Rfc8 21. Rec1 Nf5 22. Nexf5 gxf5 23. f3 Ne8 24. Nf1 Nd6 25. Nd2 Ra8 26. Qb1 Nc4 27. Nb3 Qf4 28. Qd3 Nb2 29. Qc2 Rxa1 30. Nxa1 Qe3+ 31. Kf1 Na4 32. Qd1 Rxc3 33. Nc2 Qd3+ 34. Qxd3 Rxd3 35. Ke2 Rc3 36. Kd2 Rc4 37. Rb1 g5 38. Rb3 Kg7 39. Kd3 Rc8 40. h3 Nb6 41. Rc3 Nc4 42. Na3 Rb8 43. Ke2 Kg6 44. g4 f4 45. Kf2 f6 46. Kg2 e5 47. Rd3 e4 48. Rb3 Kf7 49. Rc3 Ke6 50. Kf2 Kd6 51. h4 gxh4 52. Kg2 Kc6 53. Kh3 Ra8 54. Nc2 Kd6 55. Kxh4 Rh8# 0-1

[Event "Titled Tuesday intern op 3rd July"]
[Site "Chess.com INT"]
[Date "2018.07.03"]
[Round "3"]
[White "Jamshidi, Amir Hossein"]
[Black "Grigoriants, Sergey"]
[Result "0-1"]
[WhiteElo "2287"]
[BlackElo "2543"]
[PlyCount "120"]
[EventDate "2018.07.03"]
[EventType "swiss (blitz)"]
[EventRounds "10"]
[EventCountry "USA"]
[SourceTitle "EXT 2021"]
[Source "ChessBase"]
[SourceDate "2020.10.23"]
[SourceVersion "1"]
[SourceVersionDate "2020.10.23"]
[SourceQuality "1"]

1. e4 c6 2. d4 d5 3. exd5 cxd5 4. Bd3 Nc6 5. c3 Qc7 6. Ne2 Bg4 7. 0-0 e6 8. f3 Bh5 9. Nf4 Bg6 10. Re1 Nf6 11. g3 Bd6 12. Kg2 Bxd3 13. Nxd3 0-0 14. Bg5 Nd7 15. Bf4 Rfe8 16. Bxd6 Qxd6 17. Nd2 f6 18. f4 f5 19. a4 Nf6 20. Nf3 Ne4 21. Qb3 b6 22. Nde5 h6 23. Nxc6 Qxc6 24. Ne5 Qc7 25. a5 b5 26. Qxb5 Reb8 27. Qe2 Rb3 28. Nd3 Rab8 29. Kh1 Kh7 30. g4 Qc4 31. Rad1 fxg4 32. Qxg4 Qxd3 33. Qg2 Qc4 34. Rg1 Qc7 35. Qg6+ Kh8 36. Rg2 Rxb2 37. Rf1 Rxg2 38. Qxg2 Qxc3 39. f5 exf5 40. Qg6 Qxd4 41. Qxf5 Nd2 42. Re1 Ne4 43. Rf1 Rg8 44. Qf3 Qc5 45. Rg1 Qxa5 46. h3 Qc3 47. Qh5 Ng3+ 48. Rxg3 Qxg3 49. Qf5 Qd6 50. Qf2 d4 51. Qd2 d3 52. Kg2 a5 53. Kf3 a4 54. Kg4 a3 55. Kh5 Qe5+ 56. Kg4 Qg5+ 57. Qxg5 hxg5 58. h4 d2 59. hxg5 d1Q+ 60. Kf5 Qd3+ 0-1

[Event "Titled Tuesday intern op 3rd July"]
[Site "Chess.com INT"]
[Date "2018.07.03"]
[Round "9"]
[White "Jamshidi, Amir Hossein"]
[Black "Wu, Rochelle"]
[Result "1-0"]
[WhiteElo "2287"]
[BlackElo "2042"]
[PlyCount "64"]
[EventDate "2018.07.03"]
[EventType "swiss (blitz)"]
[EventRounds "10"]
[EventCountry "USA"]
[SourceTitle "EXT 2021"]
[Source "ChessBase"]
[SourceDate "2020.10.23"]
[SourceVersion "1"]
[SourceVersionDate "2020.10.23"]
[SourceQuality "1"]

1. e4 c5 2. Nf3 d6 3. d4 cxd4 4. Nxd4 Nf6 5. Bd3 g6 6. 0-0 Bg7 7. Nb3 0-0 8. c4 Nc6 9. Nc3 Bd7 10. h3 Rc8 11. Be3 Ne5 12. Qe2 Bc6 13. f4 Nxd3 14. Qxd3 Qc7 15. Rac1 Rfd8 16. Nd5 Bxd5 17. exd5 Nd7 18. Qe2 Nb6 19. Bxb6 Qxb6+ 20. Kh2 Rc7 21. Rc2 Rdc8 22. Nd2 Qd4 23. b3 b5 24. g3 Qb6 25. Rfc1 Qa5 26. Kg2 bxc4 27. bxc4 Qa3 28. Rb1 Qa4 29. Rb3 Rc5 30. Qxe7 Rxd5 31. cxd5 Rxc2 32. Rb8+ Rc8 1-0

[Event "Titled Tuesday intern op 17th April"]
[Site "Chess.com INT"]
[Date "2018.04.17"]
[Round "7"]
[White "Azarov, Sergei Nikolaevich"]
[Black "Jamshidi, Amir Hossein"]
[Result "1-0"]
[WhiteElo "2570"]
[BlackElo "2287"]
[PlyCount "81"]
[EventDate "2018.04.17"]
[EventType "swiss (blitz)"]
[EventRounds "10"]
[EventCountry "USA"]
[SourceTitle "EXT 2021"]
[Source "ChessBase"]
[SourceDate "2020.10.23"]
[SourceVersion "1"]
[SourceVersionDate "2020.10.23"]
[SourceQuality "1"]

1. e4 Nf6 2. e5 Nd5 3. d4 d6 4. c4 Nb6 5. exd6 exd6 6. Bd3 Be7 7. Ne2 0-0 8. 0-0 Nc6 9. Nbc3 Bf6 10. Be3 Nb4 11. Ne4 Be7 12. N4g3 Nxd3 13. Qxd3 d5 14. b3 c6 15. c5 Nd7 16. Nf5 Bf6 17. Neg3 b6 18. cxb6 axb6 19. Rfe1 Ba6 20. Qc2 c5 21. Nh5 c4 22. Bf4 Kh8 23. Qd2 Rc8 24. Rac1 cxb3 25. axb3 Rxc1 26. Qxc1 Bd3 27. Bc7 Qa8 28. Nxf6 Nxf6 29. Nxg7 Kxg7 30. Qg5+ Bg6 31. Be5 Qc6 32. g4 h6 33. Qf4 Qe6 34. h4 Be4 35. f3 Kg6 36. h5+ Kh7 37. Bxf6 Rg8 38. Kf2 Qc6 39. fxe4 Qc2+ 40. Re2 Qxb3 41. Qf5+ 1-0

[Event "Titled Tuesday intern op 17th April"]
[Site "Chess.com INT"]
[Date "2018.04.17"]
[Round "2"]
[White "Lugovskoy, Maxim"]
[Black "Jamshidi, Amir Hossein"]
[Result "1-0"]
[WhiteElo "2443"]
[BlackElo "2287"]
[PlyCount "187"]
[EventDate "2018.04.17"]
[EventType "swiss (blitz)"]
[EventRounds "10"]
[EventCountry "USA"]
[SourceTitle "EXT 2021"]
[Source "ChessBase"]
[SourceDate "2020.10.23"]
[SourceVersion "1"]
[SourceVersionDate "2020.10.23"]
[SourceQuality "1"]

1. e4 Nf6 2. Nc3 d5 3. exd5 Nxd5 4. d4 g6 5. Nf3 Bg7 6. Bc4 Nb6 7. Be2 0-0 8. 0-0 Nc6 9. Be3 Bg4 10. h3 Bxf3 11. Bxf3 Nxd4 12. Bxb7 Rb8 13. Ba6 e5 14. f4 Nd5 15. Nxd5 Qxd5 16. fxe5 Qxe5 17. Bf4 Qa5 18. Bd3 Rxb2 19. Kh1 Ne6 20. Bd2 Qa4 21. Qf3 Rxa2 22. Rae1 Ra1 23. Bc1 Nd4 24. Qf4 Qc6 25. Re7 Ne6 26. Qf2 Bd4 27. Qh4 Bc5 28. Qf6 Bxe7 29. Qxa1 Bd6 30. Re1 Qc5 31. Bh6 Qh5 32. Bxf8 Nxf8 33. Qxa7 Qh4 34. Qe3 Bf4 35. Qg1 Ne6 36. Rf1 Bd6 37. Qf2 Qe7 38. Qf6 Qxf6 39. Rxf6 Kg7 40. Rf1 f5 41. Re1 Kf6 42. Ra1 h5 43. Kg1 Bg3 44. Kf1 Nf4 45. Ra6+ Kg5 46. Bc4 h4 47. Rc6 Nh5 48. Bf7 Bd6 49. c4 Nf6 50. c5 Bf4 51. Re6 Bg3 52. Ke2 Bh2 53. Kf3 Bg3 54. Ra6 Be5 55. Bb3 Ne4 56. Bf7 Nf6 57. Ke2 Kh6 58. Re6 Kg7 59. Rxe5 Kxf7 60. Re3 Nd7 61. c6 Nb8 62. Rc3 Ke6 63. Ke3 g5 64. Rc5 Kf6 65. Kd4 Ke6 66. Kc4 g4 67. Kb5 gxh3 68. gxh3 Kf6 69. Rc4 Kg5 70. Ra4 f4 71. Ra8 f3 72. Rxb8 Kf4 73. Rf8+ Kg3 74. Ka6 f2 75. Kb7 Kg2 76. Kxc7 f1Q 77. Rxf1 Kxf1 78. Kd6 Kg2 79. c7 Kxh3 80. c8Q+ Kg3 81. Qg8+ Kh2 82. Qa2+ Kg3 83. Qb3+ Kg2 84. Qc2+ Kg3 85. Qd3+ Kg2 86. Qe2+ Kg3 87. Qf1 Kh2 88. Qf2+ Kh3 89. Ke5 Kg4 90. Qh2 Kh5 91. Kf5 Kh6 92. Qxh4+ Kg7 93. Qe7+ Kh6 94. Qa7 1-0

[Event "IRI-chT 16th"]
[Site "Sari"]
[Date "2017.10.17"]
[Round "7.3"]
[White "Darini, Pouria"]
[Black "Jamshidi, Amir Hossein"]
[Result "1-0"]
[WhiteElo "2488"]
[BlackElo "2224"]
[PlyCount "73"]
[EventDate "2017.09.13"]
[EventType "team-swiss"]
[EventRounds "11"]
[EventCountry "IRI"]
[SourceTitle "EXT 2019"]
[Source "ChessBase"]
[SourceDate "2018.10.10"]
[SourceVersion "1"]
[SourceVersionDate "2018.10.10"]
[SourceQuality "1"]
[WhiteTeam "Bandarabbas Azad Univ"]
[BlackTeam "Ghods Sherkat Mohandesi"]
[WhiteTeamCountry "IRI"]
[BlackTeamCountry "IRI"]

1. e4 e5 2. Nc3 Nf6 3. g3 d5 4. exd5 Nxd5 5. Bg2 Nxc3 6. bxc3 Bd6 7. Nf3 0-0 8. 0-0 Re8 9. d3 Nc6 10. Rb1 Bc5 11. Ng5 h6 12. Ne4 Bf8 13. Be3 Rb8 14. g4 f5 15. gxf5 Bxf5 16. f4 Qd7 17. Qh5 exf4 18. Rxf4 Be6 19. Rbf1 Be7 20. Nc5 Bxc5 21. Bxc5 b6 22. Be4 Ne7 23. Bd4 Rf8 24. Qe5 Nd5 25. Rxf8+ Rxf8 26. Bh7+ Kxh7 27. Rxf8 Nf6 28. Qf4 Qe7 29. Rb8 Bh3 30. Qe3 Qd7 31. Bxf6 gxf6 32. Re8 Qf5 33. Qe4 c5 34. Re7+ Kg6 35. Qxf5+ Bxf5 36. Rxa7 c4 37. dxc4 1-0